2025-26 Premier League Sudden Death - Statistics

General Stats
  • This quiz has been taken 51 times
    50 since last reset
  • The average score is 16 of 20
Answers on the Grid
Answers color-coded by a green-red scale on the quiz's grid according to % correct below.
Manchester City
Newcastle
Sunderland
Crystal Palace
Everton
Manchester United
Tottenham Hotspur
Aston Villa
Bournemouth
Brentford
Brighton and Hove Albion
Burnley
Chelsea
Fulham
Leeds United
Liverpool
Nottingham Forrest
West Ham United
Wolverhampton Wanderers
West Bromwich Albion
Hull City
Luton Town
Norwich City
Stoke City
Birmingham City
Arsenal
Crewe Alexandre
Rotherham United
Sheffield Wednesday
Southampton
 
Answer Stats
Answer % Correct
Chelsea
90%
Liverpool
90%
Newcastle
88%
Everton
85%
Manchester City
85%
Tottenham Hotspur
85%
Arsenal
83%
Aston Villa
83%
Bournemouth
83%
Brentford
83%
Fulham
80%
Manchester United
80%
Nottingham Forrest
80%
West Ham United
80%
Brighton and Hove Albion
78%
Wolverhampton Wanderers
78%
Burnley
76%
Crystal Palace
76%
Leeds United
73%
Sunderland
71%
No matching quizzes found
Score Distribution
Percent of People with Each Score
Percentile by Number Answered
Your Score History
You have not taken this quiz since the last reset